000 00589nam a22002417a 4500
003 UA-OsUOA
001 33784
007 ta
008 20050913b un ||||| |||| 00| 0 ukr d
100 _aЛипський Б.
090 _a242
_bЛ61
942 _cBK
040 _aUA-OsUOA
_bukr
_cUA-OsUOA
_dUA-OsUOA
245 _aДуховність нашого обряду
300 _a271 с.
955 _a1
041 _aukr
080 _a242
020 _a5-86828-008-3
260 _aК.
_bАбрис
_c1991
650 7 _a2 Релігія. Теологія.
_2UDC
999 _c320230
_d320230